Online
Catalog

Memorias póstumas de blas cubas / (Record no. 13635)

MARC details
000 -CABECERA
campo de control de longitud fija 00971nam a2200253 a 4500
001 - NÚMERO DE CONTROL
campo de control 000014033
005 - FECHA Y HORA DE LA ÚLTIMA TRANSACCIÓN
campo de control 20240529124642.0
008 - DATOS DE LONGITUD FIJA--INFORMACIÓN GENERAL
campo de control de longitud fija 091202s1976 mx 001 f spa d
040 ## - FUENTE DE LA CATALOGACIÓN
Centro catalogador/agencia de origen DO-SdBNP
Lengua de catalogación spa
Centro/agencia transcriptor BNPHU
082 ## - NÚMERO DE LA CLASIFICACIÓN DECIMAL DEWEY
Número de clasificación B869.3
Número de documento/Ítem M149m
049 ## - FONDOS LOCALES (OCLC)
Fondos de biblioteca BNGR
100 1# - ENTRADA PRINCIPAL--NOMBRE DE PERSONA
Nombre de persona Machado de Assis, Joaquín María,
Fechas asociadas al nombre 1839-1908
9 (RLIN) 31773
240 10 - TÍTULO UNIFORME
Título uniforme Memórias pósthumas de brás cubas.
Lenguaje de la obra Español.
245 10 - MENCIÓN DE TÍTULO
Título Memorias póstumas de blas cubas /
Mención de responsabilidad, etc. Joaquín María Machado de Assis ; introducción de Lucía Miguel Pereira ; traducción de A. Alatorre.
260 ## - PUBLICACIÓN, DISTRIBUCIÓN, ETC.
Lugar de publicación, distribución, etc. México :
Nombre del editor, distribuidor, etc. Fondo de Cultura Económica,
Fecha de publicación, distribución, etc. 1976.
300 ## - DESCRIPCIÓN FÍSICA
Extensión 294 p. ;
Dimensiones 17 cm.
490 1# - MENCIÓN DE SERIE
Mención de serie Popular
Designación de volumen o secuencia 155
534 ## - NOTA SOBRE LA VERSIÓN ORIGINAL
Frase introductoria Título original en portugués:
Mención de título del original Memórias pósthumas de brás cubas,
Publicación, distribución, etc. del original 1881
650 #0 - PUNTO DE ACCESO ADICIONAL DE MATERIA--TÉRMINO DE MATERIA
Término de materia o nombre geográfico como elemento de entrada Novela brasileña
9 (RLIN) 13650
650 #4 - PUNTO DE ACCESO ADICIONAL DE MATERIA--TÉRMINO DE MATERIA
Término de materia o nombre geográfico como elemento de entrada Literatura brasileña
9 (RLIN) 823
700 1# - PUNTO DE ACCESO ADICIONAL--NOMBRE DE PERSONA
Nombre de persona Miguel Pereira, Lucía,
Término indicativo de función/relación intr.
9 (RLIN) 31774
700 1# - PUNTO DE ACCESO ADICIONAL--NOMBRE DE PERSONA
Nombre de persona Alatorre, A.,
Término indicativo de función/relación tr.
9 (RLIN) 31775
830 #0 - PUNTO DE ACCESO ADICIONAL DE SERIE-TÍTULO UNIFORME
Título uniforme Popular ;
Designación de volumen o secuencia 155
9 (RLIN) 13374
Holdings
Estado de retiro Estado de pérdida Restricciones de uso No para préstamo Código de colección Localización permanente Ubicación/localización actual Ubicación en estantería Fecha de adquisición Número de inventario Total de préstamos Signatura topográfica completa Código de barras Fecha visto por última vez Precio válido a partir de Tipo de ítem Koha
    Préstamo interno   Monografías: Libros y Folletos General General En catalogación 02.12.2009 LF1   B869.3 M149m 14033-10 25.06.2020 25.06.2020 Préstamo interno

Powered by Koha